Statistiques concernant Quiz Harry Potter

Cliquez ici pour prendre le quiz!

Statistiques générales

  • Ce quiz a été pris 581 fois
  • Le résultat moyen est 15 sur 15

Statistiques - réponses

aidereponse% Correct
il est le survivantharry
100%
elle est sa meilleure amiehermione
100%
il est sont meilleur amieron
100%
lui aussigeorge
99%
elle est la seule filleginny
99%
elle est sa femmelily
99%
il est le 4 èmefred
98%
il est un demi géanthagrid
98%
il est le père de harryjames
98%
il est son mariarthur
96%
il est l'ainébill
96%
elle est la mère de 7 enfantsmolly
96%
il est le 3 émepercy
96%
il est le 2émecharlie
94%
il est considérer comme le plus grand sorcieralbus dumbledore
91%

Distribution des résultats

Percentile par nombre de réponses

% des personnes avec chaque résultat

Votre développement - résultats

Vous n’avez pas pris ce quiz